<?xml version="1.0" encoding="UTF-8"?>
<record
    xmlns:xsi="http://www.w3.org/2001/XMLSchema-instance"
    xsi:schemaLocation="http://www.loc.gov/MARC21/slim http://www.loc.gov/standards/marcxml/schema/MARC21slim.xsd"
    xmlns="http://www.loc.gov/MARC21/slim">

  <leader>01856nam a2200217Ia 4500</leader>
  <controlfield tag="003">OSt</controlfield>
  <controlfield tag="005">20251118100645.0</controlfield>
  <controlfield tag="008">210210b2009   xxu||||| |||| 00| 0 eng d</controlfield>
  <datafield tag="040" ind1=" " ind2=" ">
    <subfield code="c">AL</subfield>
  </datafield>
  <datafield tag="041" ind1=" " ind2=" ">
    <subfield code="a">Kannada</subfield>
  </datafield>
  <datafield tag="082" ind1=" " ind2=" ">
    <subfield code="a">K894.4 SATT</subfield>
  </datafield>
  <datafield tag="100" ind1=" " ind2=" ">
    <subfield code="a">SATISH CHAPPARIKE</subfield>
    <subfield code="d">&#xCB8;&#xCA4;&#xCC0;&#xCB6;&#xCCD; &#xC9A;&#xCAA;&#xCCD;&#xCAA;&#xCB0;&#xCBF;&#xC95;&#xCC6;</subfield>
    <subfield code="9">246092</subfield>
  </datafield>
  <datafield tag="245" ind1=" " ind2=" ">
    <subfield code="a">Thames tatada tavaka tallana</subfield>
    <subfield code="b">&#xCA5;&#xCC7;&#xCAE;&#xCCD;&#xCB8;&#xCCD; &#xCA4;&#xC9F;&#xCA6; &#xCA4;&#xCB5;&#xC95; &#xCA4;&#xCB2;&#xCCD;&#xCB2;&#xCA3;</subfield>
  </datafield>
  <datafield tag="260" ind1=" " ind2=" ">
    <subfield code="a">Bengaluru</subfield>
    <subfield code="b">Ankita Pustaka</subfield>
    <subfield code="c">2009</subfield>
  </datafield>
  <datafield tag="300" ind1=" " ind2=" ">
    <subfield code="a">205</subfield>
  </datafield>
  <datafield tag="520" ind1=" " ind2=" ">
    <subfield code="a">&#xCAC;&#xCCD;&#xCB0;&#xCBF;&#xC9F;&#xCBF;&#xCB7;&#xCCD; &#xCB6;&#xCBF;&#xCB5;&#xCCD;&#xCA8;&#xCBF;&#xC82;&#xC97;&#xCCD; &#xCB8;&#xCCD;&#xC95;&#xCBE;&#xCB2;&#xCB0;&#xCCD; &#xCB7;&#xCBF;&#xCAA;&#xCCD; &#xCAA;&#xCA1;&#xCC6;&#xCA6; &#xC95;&#xCA8;&#xCCD;&#xCA8;&#xCA1;&#xCA6; &#xC8F;&#xC95;&#xCC8;&#xC95; &#xCAA;&#xCA4;&#xCCD;&#xCB0;&#xC95;&#xCB0;&#xCCD;&#xCA4; &#xCB8;&#xCA4;&#xCC0;&#xCB6;&#xCCD; &#xC9A;&#xCAA;&#xCCD;&#xCAA;&#xCB0;&#xCBF;&#xC95;&#xCC6; &#xC85;&#xCB5;&#xCB0;&#xCC1; &#xC88; &#x2018;&#xCA5;&#xCC7;&#xCAE;&#xCCD;&#xCB8;&#xCCD; &#xCA4;&#xC9F;&#xCA6; &#xCA4;&#xCB5;&#xC95; &#xCA4;&#xCB2;&#xCCD;&#xCB2;&#xCA3;&#x2019;  &#xC95;&#xCC3;&#xCA4;&#xCBF;&#xCAF; &#xC95;&#xCB0;&#xCCD;&#xCA4;&#xCC3;. &#xCAA;&#xCCD;&#xCB0;&#xCB5;&#xCBE;&#xCB8;&#xCA6;&#xCB2;&#xCCD;&#xCB2;&#xCBF; &#xC95;&#xC82;&#xCA1;&#xCBF;&#xCA6;&#xCCD;&#xCA6;&#xCA8;&#xCCD;&#xCA8;&#xCC1; &#xCAC;&#xCB0;&#xCC6;&#xCAF;&#xCC1;&#xCB5;&#xCC1;&#xCA6;&#xCC1; &#xC92;&#xC82;&#xCA6;&#xCC1; &#xCAC;&#xC97;&#xCC6;. &#xC86;&#xCA6;&#xCB0;&#xCC6;, &#xCAC;&#xCC7;&#xCB0;&#xCC6; &#xCAC;&#xCC7;&#xCB0;&#xCC6; &#xCB8;&#xC82;&#xCB8;&#xCCD;&#xC95;&#xCC3;&#xCA4;&#xCBF;-&#xC9C;&#xCA8; -&#xCB8;&#xCBE;&#xCAE;&#xCBE;&#xC9C;&#xCBF;&#xC95;&#xCA4;&#xCC6;- &#xCB9;&#xCC0;&#xC97;&#xCC6; &#xCB5;&#xCC8;&#xCB5;&#xCBF;&#xCA7;&#xCCD;&#xCAF;&#xCAE;&#xCAF; &#xC9C;&#xCCD;&#xC9E;&#xCBE;&#xCA8;&#xCA6;&#xCCA;&#xC82;&#xCA6;&#xCBF;&#xC97;&#xCC6; &#xCB5;&#xCBF;&#xCB6;&#xCCD;&#xCB2;&#xCC7;&#xCB7;&#xCBF;&#xCB8;&#xCBF;, &#xCA4;&#xCB0;&#xCCD;&#xC95;&#xCBF;&#xCB8;&#xCBF;&#xCA6; &#xC85;&#xCA7;&#xCCD;&#xCAF;&#xCAF;&#xCA8;&#xCA6; &#xC97;&#xC9F;&#xCCD;&#xC9F;&#xCBF;&#xCA4;&#xCA8;&#xCA6;&#xCCA;&#xC82;&#xCA6;&#xCBF;&#xC97;&#xCC6; &#xCAC;&#xCB0;&#xCC6;&#xCAF;&#xCC1;&#xCB5; &#xC95;&#xCC3;&#xCA4;&#xCBF;&#xCAF;&#xCC7; &#xCAC;&#xCC7;&#xCB0;&#xCC6;. &#xC87;&#xCA6;&#xC95;&#xCCD;&#xC95;&#xCBF;&#xC82;&#xCA4;&#xCB2;&#xCC2; &#xCB5;&#xCBF;&#xCB6;&#xCC7;&#xCB7; &#xC8E;&#xC82;&#xCA6;&#xCB0;&#xCC6;; &#xC9C;&#xCBE;&#xC97;&#xCA4;&#xCBF;&#xC95; &#xCA8;&#xCC6;&#xCB2;&#xCC6;&#xCAF;&#xCC6;&#xCA4;&#xCCD;&#xCA4;&#xCB0;&#xC95;&#xCCD;&#xC95;&#xCC6; &#xCA8;&#xCBF;&#xC82;&#xCA4;&#xCC1; &#xCB5;&#xCBF;&#xCB6;&#xCC7;&#xCB7;&#xCB5;&#xCBE;&#xC97;&#xCBF; &#xC95;&#xCA8;&#xCCD;&#xCA8;&#xCA1;&#xCA6; &#xC94;&#xCA6;&#xCCD;&#xCAF;&#xCCB;&#xC97;&#xCBF;&#xC95; &#xCB8;&#xCCD;&#xCA5;&#xCBF;&#xCA4;&#xCBF;&#xC97;&#xCA4;&#xCBF;&#xC97;&#xCB3;&#xCA8;&#xCCD;&#xCA8;&#xCC1; &#xCB5;&#xCBF;&#xCB6;&#xCCD;&#xCB2;&#xCC7;&#xCB7;&#xCBF;&#xCB8;&#xCC1;&#xCB5; &#xCA4;&#xCC0;&#xC95;&#xCCD;&#xCB7;&#xCA3; &#xCA8;&#xCCB;&#xC9F;&#xCA6; &#xC85;&#xCA7;&#xCCD;&#xCAF;&#xCAF;&#xCA8;&#xC95;&#xCCD;&#xC95;&#xCC6; &#xCAF;&#xCCB;&#xC97;&#xCCD;&#xCAF;&#xCB5;&#xCBE;&#xCA6; &#xCAA;&#xCCD;&#xCB0;&#xCB5;&#xCBE;&#xCB8; &#xC95;&#xCA5;&#xCA8;&#xCB5;&#xCBF;&#xCA6;&#xCC1;. 

</subfield>
  </datafield>
  <datafield tag="650" ind1=" " ind2=" ">
    <subfield code="a">Jagatika madhyama lokadolagondu payana</subfield>
    <subfield code="9">246093</subfield>
  </datafield>
  <datafield tag="690" ind1=" " ind2=" ">
    <subfield code="a">Kannada Prose</subfield>
    <subfield code="9">246094</subfield>
  </datafield>
  <datafield tag="906" ind1=" " ind2=" ">
    <subfield code="a">063919</subfield>
  </datafield>
  <datafield tag="942" ind1=" " ind2=" ">
    <subfield code="2">ddc</subfield>
    <subfield code="c">BK</subfield>
  </datafield>
  <datafield tag="999" ind1=" " ind2=" ">
    <subfield code="c">139292</subfield>
    <subfield code="d">139292</subfield>
  </datafield>
  <datafield tag="952" ind1=" " ind2=" ">
    <subfield code="0">0</subfield>
    <subfield code="1">0</subfield>
    <subfield code="2">ddc</subfield>
    <subfield code="4">0</subfield>
    <subfield code="7">0</subfield>
    <subfield code="8">KAN</subfield>
    <subfield code="a">AL</subfield>
    <subfield code="b">AL</subfield>
    <subfield code="c">Kannada Literature</subfield>
    <subfield code="d">2021-02-17</subfield>
    <subfield code="e">Athree Book Centre,Mangalore</subfield>
    <subfield code="g">130.00</subfield>
    <subfield code="l">0</subfield>
    <subfield code="o">K894.4 SATT</subfield>
    <subfield code="p">063919</subfield>
    <subfield code="r">2021-02-17 00:00:00</subfield>
    <subfield code="w">2021-02-17</subfield>
    <subfield code="y">BK</subfield>
  </datafield>
</record>
